Statistics for Victorian Towns/Cities by Population

Click here to take the quiz!

General Stats

  • This quiz has been taken 470 times
    (415 since last reset)
  • The average score is 11 of 21

Answer Stats

HintAnswer% Correct
5,152,945Melbourne
99%
157,103Geelong
89%
93,761Ballarat
83%
92,384Bendigo
83%
33,445Mildura
64%
46,194Shepparton-Mooropna
61%
30,707Warrnambool
59%
35,131Wodonga
57%
18,567Wangaratta
46%
13,507Sale
45%
25,482Traralgon
45%
16,792Horsham
44%
15,062Moe-Newborough
44%
54,455Melton
39%
13,540Morwell
36%
34,425Sunbury
36%
14,274Warragul
36%
16,942Torquay-Jan Juc
34%
17,303Bacchus-Marsh
25%
18,208Ocean Grove-Barwon Heads
24%
13,327Lara
15%

Score Distribution

Percentile by Number Answered

Percent of People with Each Score

Your Score History

You have not taken this quiz since the last reset